Countries with similar names- Flag shape quiz 5 - Statistics

General Stats
  • This quiz has been taken 35 times
  • The average score is 15 of 16
Answer Stats
Picture Answer % Correct
Algeria
100%
Belarus
100%
Russia
100%
Andorra
96%
Angola
96%
Moldova
96%
Nigeria
96%
United Arab Emirates
96%
Barbados
92%
Saudi Arabia
92%
(The) Bahamas
88%
Central African Republic
84%
South Africa
84%
(The) Maldives
84%
Grenada
76%
Saint Vincent and the Grenadines
76%
No matching quizzes found
Score Distribution
Percent of People with Each Score
Percentile by Number Answered
Your Score History
You have not taken this quiz